Recent Advanced in Surgery 39 / (Record no. 35598)

MARC details
000 -LEADER
fixed length control field 00484nam a22001817a 4500
005 - DATE AND TIME OF LATEST TRANSACTION
control field 20240424150453.0
008 - FIXED-LENGTH DATA ELEMENTS--GENERAL INFORMATION
fixed length control field 240424b |||||||| |||| 00| 0 eng d
020 ## - INTERNATIONAL STANDARD BOOK NUMBER
ISBN 9789352702862
082 ## - DEWEY DECIMAL CLASSIFICATION NUMBER
Classification number 617
Item number HAR-R
100 ## - MAIN ENTRY--AUTHOR
Author Name Hargest Rachel
245 ## - TITLE STATEMENT
Title Recent Advanced in Surgery 39 /
Statement of responsibility, etc. Michael Douek,
260 ## - PUBLICATION, DISTRIBUTION, ETC.
Place of Publication India :
Name of publisher, distributor, etc. jaypee :
Date of publication, distribution, etc. 2019.
300 ## - PHYSICAL DESCRIPTION
Pages vi,180p.
500 ## - GENERAL NOTE
General note include index .
650 ## - SUBJECT ADDED ENTRY--TOPICAL TERM
Subject / Department Medical / Surgery
700 ## - ADDED ENTRY--PERSONAL NAME
Personal name Michael Douek,
300 ## - PHYSICAL DESCRIPTION
-- ill;
-- 24cm.
952 ## - LOCATION AND ITEM INFORMATION (KOHA)
-- 0
-- 0
952 ## - LOCATION AND ITEM INFORMATION (KOHA)
-- 0
-- 0
952 ## - LOCATION AND ITEM INFORMATION (KOHA)
-- 0
-- 0
952 ## - LOCATION AND ITEM INFORMATION (KOHA)
-- 0
-- 0
952 ## - LOCATION AND ITEM INFORMATION (KOHA)
-- 0
-- 0
Holdings
Lost status Damaged status Collection code Permanent Location Current Location Shelving Location Date acquired Full Call Number Accession No./Barcode Date last seen Copy number item type Koha item type
    Medical Superior Information Resource Center (SIRC) Superior University- Central Library Superior Information Resource Center (SIRC) Superior University- Central Library Surgery 04/24/2024 617 HAR-R 2019 13473 04/24/2024 1 BOOK BOOK
    Medical Superior Information Resource Center (SIRC) Superior University- Central Library Superior Information Resource Center (SIRC) Superior University- Central Library Surgery 04/24/2024 617 HAR-R 2019 13474 04/24/2024 2 BOOK BOOK
    Medical Superior Information Resource Center (SIRC) Superior University- Central Library Superior Information Resource Center (SIRC) Superior University- Central Library Surgery 04/24/2024 617 HAR-R 2019 13475 09/25/2025 3 BOOK BOOK
    Medical Superior Information Resource Center (SIRC) Superior University- Central Library Superior Information Resource Center (SIRC) Superior University- Central Library Surgery 04/24/2024 617 HAR-R 2019 13476 04/24/2024 4 BOOK BOOK
    Medical Superior Information Resource Center (SIRC) Superior University- Central Library Superior Information Resource Center (SIRC) Superior University- Central Library Surgery 10/15/2024 617 HAR-R 2019 13477 10/15/2024 5 BOOK BOOK

Powered by Koha